UKCG (Record no. 120940)

MARC details
000 -LEADER
fixed length control field 00981cai a22001935a 4500
001 - CONTROL NUMBER
control field L154675
008 - FIXED-LENGTH DATA ELEMENTS--GENERAL INFORMATION
fixed length control field 120112u2012 xxk g 000 0 eng d
035 ## - SYSTEM CONTROL NUMBER
System control number (Sirsi) u154675
041 0# - LANGUAGE CODE
Language code of text/sound track or separate title eng
110 2# - MAIN ENTRY--CORPORATE NAME
Corporate name or jurisdiction name as entry element UK Contractors Group
9 (RLIN) 6011
245 00 - TITLE STATEMENT
Title UKCG
Remainder of title the UK contractors group
Medium [electronic resource]
260 ## - PUBLICATION, DISTRIBUTION, ETC.
Place of publication, distribution, etc. London
Name of publisher, distributor, etc. UKCG
Date of publication, distribution, etc. 2012
520 ## - SUMMARY, ETC.
Summary, etc. The UK Contractors Group (UKCG) is the primary association for contractors operating in the UK. UKCG's mission is to represent contractors' interests to government and key clients and to encourage contractors to work together to promote change and best practice. UKCG also works closely with the CBI Construction Council to ensure that contractors' interests are properly reflected in the wider business agenda.
590 ## - LOCAL NOTE (RLIN)
Local note KA NTK
651 #4 - SUBJECT ADDED ENTRY--GEOGRAPHIC NAME
Geographic name United Kingdom
Chronological subdivision
690 ## - LOCAL SUBJECT ADDED ENTRY--TOPICAL TERM (OCLC, RLIN)
Topical term or geographic name as entry element Construction management
9 (RLIN) 6230
856 40 - ELECTRONIC LOCATION AND ACCESS
Uniform Resource Identifier <a href="https://ukcg.org.uk/index.php?id=10359">https://ukcg.org.uk/index.php?id=10359</a>
Public note View the website free of charge at ukcg.org.uk
942 ## - ADDED ENTRY ELEMENTS (KOHA)
Suppress in OPAC 0
Holdings
Withdrawn status Lost status Source of classification or shelving scheme Damaged status Not for loan Home library Current library Shelving location Date acquired Total Checkouts Full call number Barcode Date last seen Copy number Price effective from Koha item type
    Dewey Decimal Classification     Virtual Virtual Online 12/01/2012   WEBSITE 154675-2001 06/08/2019 1 06/08/2019 Online material